000
00283nam a2200097Ia 4500
001
1119260
005
20250827004141.0
008
250824s9999 xx 000 0 und d
245
0
_a
İSLAMİ YENİDEN DOĞUŞUN MESELELERİ R2 12
_c
ALİYA İZETBEGOVİÇ
260
_b
KETEBE YAYINLARI
999
_c
1119260
_d
1119260